Les sigles des partis politiques (toutes époques) en France - Statistiques

Statistiques générales
  • Ce quiz a été pris 89 fois
  • Le résultat moyen est 17 sur 72
Statistiques - réponses
Sigle Nom complet % Correct
LFI La France Insoumise
86%
LR Les Républicains
86%
RN Rassemblement National
84%
EELV Europe Écologie Les Verts
79%
PS Parti Socialiste
75%
PCF Parti Communiste Français
73%
LO Lutte Ouvrière
68%
NPA Nouveau Parti Anticapitaliste
66%
MoDem Mouvement Démocrate
53%
PR Parti Radical
45%
PA Parti Animaliste
41%
PRG Parti Radical de Gauche
41%
DLF Debout La France
40%
PG Parti de Gauche
38%
AF Action Française
37%
RPR* Rassemblement pour la République
34%
UMP Union pour un Mouvement Populaire
34%
LCR* Ligue Communiste Révolutionnaire
30%
PT Parti des Travailleurs
29%
PP Place Publique | Parti Pirate
29%
SFIO* Section Française de l'Internationale Ouvrière
29%
PSU* Parti Socialiste Unifié
26%
GE Génération Ecologie
25%
LP Les Patriotes
25%
PSF* Parti Socialiste de France | Parti Socialiste Français | Parti Social Français
25%
LC Les Centristes
23%
POI* Parti Ouvrier Indépendant
23%
UDI Union des Démocrates Indépendants
23%
PSN* Parti Socialiste National
22%
UPR Union Populaire Républicaine
22%
UPR* Union Populaire Républicaine
22%
MPF* Mouvement pour la France
21%
PE Parti Ecologiste
18%
PSI* Parti Socialiste Indépendant
18%
PR* Parti Républicain
16%
MNR Mouvement National Républicain | Mouvement Nationaliste Révolutionnaire
15%
PSN* Parti Social-National
15%
AC Alliance Centriste
14%
MDC Mouvement Des Citoyens
14%
DL* Démocratie Libérale
12%
PPF* Parti Populaire Français
12%
PSA* Parti Socialiste Autonome
12%
UDF* Union pour la Démocratie Française
12%
CNIP Centre National des Indépendants et Paysans
11%
PNF Parti Nationaliste Français
11%
PNF* Parti Nationaliste Français
11%
PRV Parti Radical Valoisien
11%
RNP* Rassemblement National Populaire
11%
RPF* Rassemblement du Peuple Français
8%
RI* Républicains Indépendants
8%
UGS* Union de la Gauche Socialiste
8%
CDS* Centre des Démocrates Sociaux
7%
LFA La France Audacieuse
7%
MRC Mouvement Républicain et Citoyen
7%
PH* Parti Humaniste
7%
RP Révolution Permanente
7%
SP Solidarité et Progrès
7%
AR Alliance Royale
5%
MEI Mouvement Ecologiste Indépendant
5%
PCOF Parti Communiste des Ouvriers de France
5%
UDT* Union Démocratique du Travail
5%
UDR* Union pour la Défense de la République | Union des Démocrates pour la République
5%
UNR* Union pour la Nouvelle République
5%
CIR* Convention des Institutions Républicaines
4%
LMR Le Mouvement de la Ruralité
4%
LS Ligue du Sud
4%
MSR* Mouvement Social Révolutionnaire
3%
PFE Parti Fédéraliste Européen
3%
UDE* Union des Démocrates et des Ecologistes
3%
MSP* Mouvement Solidarité Participation
1%
NAR Nouvelle Action Royaliste
1%
CCD* Cercle Communiste Démocratique
0%
Aucun quiz correspondant
Distribution des résultats
% des personnes avec chaque résultat
Percentile par nombre de réponses
Votre historique - résultats
Vous n’avez pas pris ce quiz